Sí ... de acuerdo : (Registro nro. 8427)

000 -CABECERA
Campo de control de longitud fija 01226nam a22003017a 4500
003 - IDENTIFICADOR DEL NÚMERO DE CONTROL
Campo de control OSt
005 - FECHA Y HORA DE LA ÚLTIMA TRANSACCIÓN
Campo de control 20260416143323.0
008 - CÓDIGOS DE INFORMACIÓN DE LONGITUD FIJA
Campo de control de longitud fija 170801b1996 xxu||||| |||| 00| 0 spa d
020 ## - NÚMERO INTERNACIONAL NORMALIZADO PARA LIBROS (ISBN)
Número Internacional Normalizado para Libros (ISBN) 9580425078
040 ## - FUENTE DE LA CATALOGACIÓN
Centro catalogador de origen Unicoc
Lengua de catalogación spa
Centro que cataloga Bogotá (Dr. David Ordóñez Rueda) - Campus Norte
Centro modificador Bogotá (Dr. David Ordóñez Rueda) - Campus Norte
082 ## - NÚMERO DE LA CLASIFICACIÓN DECIMAL DEWEY
Número de clasificación 650.19 F47s1 1996
100 ## - PUNTO DE ACCESO PRINCIPAL - NOMBRE DE PERSONA
9 (RLIN) 6077
Nombre de persona Fisher, Roger
Fechas asociadas al nombre 1922-
245 ## - MENCIÓN DE TÍTULO
Título Sí ... de acuerdo :
Subtitulo o Resto del título como negociar sin ceder /
Mención de responsabilidad etc. Roger Fisher y William Ury con Bruce M. Patton ; traducción Eloisa Vasco Montoya y Adriana de Hassan.
260 ## - PUBLICATION, DISTRIBUTION, ETC. (IMPRINT)
Lugar de publicación distribución etc. Bogota :
Nombre del editor distribuidor etc. Editorial Norma,
Fecha de publicación distribución etc. 1996.
300 ## - DESCRIPCIÓN FÍSICA
Extensión xix, 228 p. ;
Dimensiones 21 cm.
505 ## - NOTA DE CONTENIDO CON FORMATO
Título I. El problema. --
-- II. El método. --
-- III. Si, pero... --
526 ## - NOTA DE INFORMACIÓN SOBRE EL PROGRAMA DE ESTUDIO
Institución que aplica el campo Unicoc
546 ## - NOTA DE LENGUA
Nota de lengua Español
650 #0 - PUNTO DE ACCESO ADICIONAL DE MATERIA - TÉRMINO DE MATERIA
9 (RLIN) 6078
Término de materia o nombre geográfico como elemento inicial Negocios.
650 #0 - PUNTO DE ACCESO ADICIONAL DE MATERIA - TÉRMINO DE MATERIA
9 (RLIN) 6079
Término de materia o nombre geográfico como elemento inicial Psicología industrial.
650 #0 - PUNTO DE ACCESO ADICIONAL DE MATERIA - TÉRMINO DE MATERIA
9 (RLIN) 5316
Término de materia o nombre geográfico como elemento inicial Ingeniería industrial
700 ## - PUNTO DE ACCESO ADICIONAL - NOMBRE DE PERSONA
9 (RLIN) 6080
Nombre de persona Ury, William.
700 ## - PUNTO DE ACCESO ADICIONAL - NOMBRE DE PERSONA
9 (RLIN) 6082
Nombre de persona Vasco Montoya, Eloísa del Socorro,
Fechas asociadas al nombre 1937-,
Término indicativo de función tr.
700 ## - PUNTO DE ACCESO ADICIONAL - NOMBRE DE PERSONA
9 (RLIN) 6081
Nombre de persona Patton, Bruce M.
700 ## - PUNTO DE ACCESO ADICIONAL - NOMBRE DE PERSONA
9 (RLIN) 6083
Nombre de persona Hassan, Adriana de
Término indicativo de función tr.
856 ## - LOCALIZACIÓN Y ACCESO ELECTRÓNICOS
Texto del enlace Acceso online exclusivo para comunidad Unicoc.
Identificador Uniforme del Recurso (URI) https://unicoceduco-my.sharepoint.com/:b:/g/personal/direccionbiblioteca_unicoc_edu_co/IQC1ZIYs9xRyRoVcWqruuArwAfQZcMD0e_X_f9Wpjj29cLQ
942 ## - ENTRADA PARA ELEMENTOS AGREGADOS (KOHA)
Fuente de clasificación o esquema de ordenación en estanterías
Koha [por defecto] tipo de item Libro
Existencias
Fecha de adquisición Préstamos totales Fuente de adquisición Fecha último préstamo Localización en estanterías No para préstamo Localización permanente Fecha del precio de reemplazo Número de ejemplar Estado de pérdida Código de colección Signatura completa Fuente de clasificación o esquema de ordenación en estanterías Tipo de item de Koha Código de barras Localización actual Precio Fecha última consulta Estropeado
2017-08-013Compra2019-08-15Segundo piso Bogotá (Dr. David Ordóñez Rueda) - Campus Norte2017-08-01Ej. 1DescartadoColección General650.19 F47s1 1996 Libro12040Bogotá (Dr. David Ordóñez Rueda) - Campus Norte85000.002019-08-15 
2026-04-16 Compra   Bogotá (Dr. David Ordóñez Rueda) - Campus Norte2026-04-16  Coleccion Online650.19 F47s1 1996 Libro electrónicoEbook8427Bogotá (Dr. David Ordóñez Rueda) - Campus Norte200000.002026-04-16 

© 2014 UNICOC | Institución Universitaria Colegios de Colombia - UNICOC
Bogotá D.C. Autopista Norte Km. 20. Teléfono:(571)6683535
Cali: Calle 13 Norte No. 3N-13. Teléfono: (572)6608887

Con tecnología de Koha